• 首页
  • 本馆介绍
  • 公告通知
  • 最新文献
  • 馆藏检索
  • 电子资源
  • 读者导购
  • 参考咨询
  • 我的图书馆
  • 登录
  • 详细信息显示
  • 放入我的书架
  • 预约/预借图书
  • 作者相关作品
  • 分类相关作品
  • 丛书相关作品
  • 出版社相关作品

书目信息

  • 表格格式
  • 工作单格式
  • 卡片格式
题名:
文艺复兴
    
 
作者: 郭圣铭 著
分册:  
出版信息: 北京   商务印书馆  1980
页数: 56页
开本: 19cm
丛书名: 外国历史小丛书
单 册:
中图分类: K546.3
科图分类:
主题词: 文艺复兴--欧洲--1500~1640 , 南欧--历史
电子资源:
ISBN:
000 00694nam2 2200265 45
001 0180000803
005 20070926111723.12
010    @dCNY0.15
091    @aCN@b11017.478
100    @a19950124d1980 em y0chiy0121 ea
101 0  @achi
102    @aCN@b110000
105    @af z 000yy
200 10 @a文艺复兴@Awen yi fu xing@f郭圣铭编
210    @a北京@c商务印书馆@d1980
215    @a56页@c图@d19cm
225 2  @a外国历史小丛书
410  0 @120010@a外国历史小丛书
606    @a文艺复兴@y欧洲@z1500~1640
606 0  @a南欧@x历史
690    @aK546.3@v3
701  0 @a郭圣铭@Aguo sheng ming@4著
801  0 @aCN@bTSSF@c20070926
801  2 @aCN@bNLC@c20060802
905    @a10447@dK546.3@e7
    
    文艺复兴/郭圣铭编.-北京:商务印书馆,1980
    56页:图;19cm.-(外国历史小丛书)
    
    
    ISBN :CNY0.15
    
●
相关链接 在E读中查询图书 在五车中查询图书 在当当中查询图书 在豆瓣中查询图书


正题名:文艺复兴     索取号:K546.3/7         预约/预借

序号 登录号 条形码 馆藏地/架位号 状态 备注
1 0444197   204441979   密集书库/ [索取号:K546.3/7] 在馆    
2 0609317   206093172   密集书库/ [索取号:K546.3/7] 在馆    
唐山师范学院图书馆 欢迎您!
大连网信软件有限公司© 版权所有